Top 10 No. 1 Draft picks in NBA - Statistics

General Stats
  • This quiz has been taken 691 times
  • The average score is 6 of 10
Answer Stats
Hint Answer % Correct
2003 James
98%
1979 Johnson
77%
1996 Iverson
75%
1984 Olajuwon
75%
1992 O'Neal
69%
1997 Duncan
66%
1969 Abdul-Jabbar
57%
1987 Robinson
51%
1987 Ewing
42%
1974 Walton
26%
No matching quizzes found
Score Distribution
Percent of People with Each Score
Percentile by Number Answered
Your Score History
You have not taken this quiz